000
00335nam a2200145Ia 4500
008
200103s9999||||xx |||||||||||||| ||und||
020
_a
9788171670406
040
_a
IMU-MPC
082
_a
Column-64
100
_a
mathur, Anurag
245
4
_a
The Inscrutable Americans
260
_b
Rupa Company
_c
2003
300
_a
247
942
_c
BK
999
_c
11462
_d
11462